000
00298nam a2200109Ia 4500
008
190216s9999||||xx |||||||||||||| ||und||
100
_a
Reddy P N & Gulshan Ss
245
0
_a
Principles Of Business Organisation And Management
260
_b
Sulthan Chand&Sons
_c
1986
300
_a
607p
942
_c
BK
999
_c
5355
_d
5355